• 首页
  • 本馆介绍
  • 公告通知
  • 最新文献
  • 馆藏检索
  • 电子资源
  • 读者导购
  • 参考咨询
  • 我的图书馆
  • 登录
  • 详细信息显示
  • 放入我的书架
  • 预约/预借图书
  • 作者相关作品
  • 分类相关作品
  • 丛书相关作品
  • 出版社相关作品

书目信息

  • 表格格式
  • 工作单格式
  • 卡片格式
题名:
动物与超人之间的绳索
    
 
作者: 彼珀 著 ;李洁 译
分册:  
出版信息: 北京   华夏出版社  2006
页数: 371页
开本: 21cm
丛书名: 西方传统 经典与解释
单 册:
中图分类: B516.47
科图分类:
主题词: 超人哲学
电子资源:
ISBN: 7-5080-3936-X
000 01179oam2 2200313 450
001 010700019962
005 20061119095959.87
010    @a7-5080-3936-X@dCNY32.00
100    @a20060417d2006 em y0chiy0110 ea
101 1  @achi@cger
102    @aCN@b110000
105    @ay z 000yy
200 1  @a动物与超人之间的绳索@9dong wu yu chao ren zhi jian de sheng suo@e《查拉图斯特拉如是说》第一卷义疏@f(德)A.彼珀著@g李洁译
210    @a北京@c华夏出版社@d2006
215    @a371页@d21cm
225 2  @a西方传统 经典与解释
305    @a由Ernst Klett Verlag GmbH授权出版
330    @a本书分为查拉图斯特拉的序言、查拉图斯特拉的演说、结束语:同种事物的永恒轮回三部分。内容包括:遇圣者:上帝死了;末人:生活方式的享受;一个走绳者的坠落:原罪;十字架:失败的救世主等。
461  0 @12001 @a西方传统 经典与解释
510 1  @aEin seil geknupft zwischen tier und ubermensch@zger
600  1 @a尼采@bF.W.@f1844~1900@x超人哲学@x研究
600  1 @a尼采@bF.W.@f1844~1900
606 0  @a超人哲学
610 0  @a查拉图斯特拉如是说
690    @aB516.47@v4
701  1 @a彼珀@9bi po@bA.@4著
702  0 @a李洁@9li jie@4译
801  0 @aCN@bRENTIAN@c20061119
905    @a10447@dB516.47@e108:1
    
    动物与超人之间的绳索:《查拉图斯特拉如是说》第一卷义疏/(德)A.彼珀著/李洁译.-北京:华夏出版社,2006
    371页;21cm.-(西方传统 经典与解释)
    
    
    ISBN 7-5080-3936-X:CNY32.00
    本书分为查拉图斯特拉的序言、查拉图斯特拉的演说、结束语:同种事物的永恒轮回三部分。内容包括:遇圣者:上帝死了;末人:生活方式的享受;一个走绳者的坠落:原罪;十字架:失败的救世主等。
●
相关链接 在E读中查询图书 在五车中查询图书 在当当中查询图书 在豆瓣中查询图书


正题名:动物与超人之间的绳索     索取号:B516.47/108:1         预约/预借

序号 登录号 条形码 馆藏地/架位号 状态 备注
1 0393103   203931031   第一样本阅览室/ [索取号:B516.47/108:1] 在馆    
2 0393104   203931040   第一借阅区/ [索取号:B516.47/108:1] 在馆    
3 0393105   203931059   第一借阅区/ [索取号:B516.47/108:1] 在馆    
4 0393106   203931068   第一借阅区/ [索取号:B516.47/108:1] 在馆    
5 0393107   203931077   第一借阅区/ [索取号:B516.47/108:1] 在馆    
欢迎您!
大连网信软件有限公司© 版权所有